<?xml version="1.0" encoding="UTF-8"?>
<record
    xmlns:xsi="http://www.w3.org/2001/XMLSchema-instance"
    xsi:schemaLocation="http://www.loc.gov/MARC21/slim http://www.loc.gov/standards/marcxml/schema/MARC21slim.xsd"
    xmlns="http://www.loc.gov/MARC21/slim">

  <leader>     nam a22     7a 4500</leader>
  <datafield tag="999" ind1=" " ind2=" ">
    <subfield code="c">56569</subfield>
    <subfield code="d">56569</subfield>
  </datafield>
  <controlfield tag="003">OSt</controlfield>
  <controlfield tag="005">20230515070235.0</controlfield>
  <controlfield tag="008">230515b        xxu||||| |||| 00| 0 eng d</controlfield>
  <datafield tag="040" ind1=" " ind2=" ">
    <subfield code="c">IIMTU , MEERUT</subfield>
  </datafield>
  <datafield tag="100" ind1=" " ind2=" ">
    <subfield code="a">SRIVASTAVA , P.K</subfield>
  </datafield>
  <datafield tag="245" ind1=" " ind2=" ">
    <subfield code="a">DRAVYAGUNA VIGYAN VOL-1</subfield>
  </datafield>
  <datafield tag="250" ind1=" " ind2=" ">
    <subfield code="a">1 ST</subfield>
  </datafield>
  <datafield tag="260" ind1=" " ind2=" ">
    <subfield code="a">VARANASI</subfield>
    <subfield code="b">CHAUKHAMBA</subfield>
    <subfield code="c">2016</subfield>
  </datafield>
  <datafield tag="300" ind1=" " ind2=" ">
    <subfield code="a">620</subfield>
  </datafield>
  <datafield tag="942" ind1=" " ind2=" ">
    <subfield code="2">ddc</subfield>
    <subfield code="c">01</subfield>
  </datafield>
  <datafield tag="952" ind1=" " ind2=" ">
    <subfield code="0">0</subfield>
    <subfield code="1">0</subfield>
    <subfield code="2">ddc</subfield>
    <subfield code="4">0</subfield>
    <subfield code="7">0</subfield>
    <subfield code="a">30</subfield>
    <subfield code="b">30</subfield>
    <subfield code="d">2023-05-04</subfield>
    <subfield code="e">CHAUKHAMBA</subfield>
    <subfield code="g">325.00</subfield>
    <subfield code="i">CP/B/145</subfield>
    <subfield code="l">0</subfield>
    <subfield code="o">615.5 SRI</subfield>
    <subfield code="p">30-B-5527</subfield>
    <subfield code="r">2023-05-15</subfield>
    <subfield code="v">325.00</subfield>
    <subfield code="w">2023-05-15</subfield>
    <subfield code="y">01</subfield>
  </datafield>
  <datafield tag="952" ind1=" " ind2=" ">
    <subfield code="0">0</subfield>
    <subfield code="1">0</subfield>
    <subfield code="2">ddc</subfield>
    <subfield code="4">0</subfield>
    <subfield code="7">0</subfield>
    <subfield code="a">30</subfield>
    <subfield code="b">30</subfield>
    <subfield code="d">2023-05-04</subfield>
    <subfield code="e">CHAUKHAMBA</subfield>
    <subfield code="g">325.00</subfield>
    <subfield code="i">CP/B/145</subfield>
    <subfield code="l">1</subfield>
    <subfield code="o">615.5 SRI</subfield>
    <subfield code="p">30-B-5528</subfield>
    <subfield code="r">2023-12-21</subfield>
    <subfield code="s">2023-12-20</subfield>
    <subfield code="v">325.00</subfield>
    <subfield code="w">2023-05-15</subfield>
    <subfield code="y">01</subfield>
  </datafield>
  <datafield tag="952" ind1=" " ind2=" ">
    <subfield code="0">0</subfield>
    <subfield code="1">0</subfield>
    <subfield code="2">ddc</subfield>
    <subfield code="4">0</subfield>
    <subfield code="7">0</subfield>
    <subfield code="a">30</subfield>
    <subfield code="b">30</subfield>
    <subfield code="d">2023-05-04</subfield>
    <subfield code="e">CHAUKHAMBA</subfield>
    <subfield code="g">325.00</subfield>
    <subfield code="i">CP/B/145</subfield>
    <subfield code="l">9</subfield>
    <subfield code="o">615.5 SRI</subfield>
    <subfield code="p">30-B-5529</subfield>
    <subfield code="r">2025-08-23</subfield>
    <subfield code="s">2025-08-21</subfield>
    <subfield code="v">325.00</subfield>
    <subfield code="w">2023-05-15</subfield>
    <subfield code="y">01</subfield>
  </datafield>
  <datafield tag="952" ind1=" " ind2=" ">
    <subfield code="0">0</subfield>
    <subfield code="1">0</subfield>
    <subfield code="2">ddc</subfield>
    <subfield code="4">0</subfield>
    <subfield code="7">0</subfield>
    <subfield code="a">30</subfield>
    <subfield code="b">30</subfield>
    <subfield code="d">2023-05-04</subfield>
    <subfield code="e">CHAUKHAMBA</subfield>
    <subfield code="g">325.00</subfield>
    <subfield code="i">CP/B/145</subfield>
    <subfield code="l">0</subfield>
    <subfield code="o">615.5 SRI</subfield>
    <subfield code="p">30-B-5530</subfield>
    <subfield code="r">2023-05-15</subfield>
    <subfield code="v">325.00</subfield>
    <subfield code="w">2023-05-15</subfield>
    <subfield code="y">01</subfield>
  </datafield>
  <datafield tag="952" ind1=" " ind2=" ">
    <subfield code="0">0</subfield>
    <subfield code="1">0</subfield>
    <subfield code="2">ddc</subfield>
    <subfield code="4">0</subfield>
    <subfield code="7">0</subfield>
    <subfield code="a">30</subfield>
    <subfield code="b">30</subfield>
    <subfield code="d">2023-05-04</subfield>
    <subfield code="e">CHAUKHAMBA</subfield>
    <subfield code="g">325.00</subfield>
    <subfield code="i">CP/B/145</subfield>
    <subfield code="l">0</subfield>
    <subfield code="o">615.5 SRI</subfield>
    <subfield code="p">30-B-5531</subfield>
    <subfield code="r">2023-05-15</subfield>
    <subfield code="v">325.00</subfield>
    <subfield code="w">2023-05-15</subfield>
    <subfield code="y">01</subfield>
  </datafield>
  <datafield tag="952" ind1=" " ind2=" ">
    <subfield code="0">0</subfield>
    <subfield code="1">0</subfield>
    <subfield code="2">ddc</subfield>
    <subfield code="4">0</subfield>
    <subfield code="7">0</subfield>
    <subfield code="a">30</subfield>
    <subfield code="b">30</subfield>
    <subfield code="d">2023-05-04</subfield>
    <subfield code="e">CHAUKHAMBA</subfield>
    <subfield code="g">325.00</subfield>
    <subfield code="i">CP/B/145</subfield>
    <subfield code="l">0</subfield>
    <subfield code="o">615.5 SRI</subfield>
    <subfield code="p">30-B-5532</subfield>
    <subfield code="r">2023-05-15</subfield>
    <subfield code="v">325.00</subfield>
    <subfield code="w">2023-05-15</subfield>
    <subfield code="y">01</subfield>
  </datafield>
  <datafield tag="952" ind1=" " ind2=" ">
    <subfield code="0">0</subfield>
    <subfield code="1">0</subfield>
    <subfield code="2">ddc</subfield>
    <subfield code="4">0</subfield>
    <subfield code="7">0</subfield>
    <subfield code="a">30</subfield>
    <subfield code="b">30</subfield>
    <subfield code="d">2023-05-04</subfield>
    <subfield code="e">CHAUKHAMBA</subfield>
    <subfield code="g">325.00</subfield>
    <subfield code="i">CP/B/145</subfield>
    <subfield code="l">0</subfield>
    <subfield code="o">615.5 SRI</subfield>
    <subfield code="p">30-B-5533</subfield>
    <subfield code="r">2023-05-15</subfield>
    <subfield code="v">325.00</subfield>
    <subfield code="w">2023-05-15</subfield>
    <subfield code="y">01</subfield>
  </datafield>
  <datafield tag="952" ind1=" " ind2=" ">
    <subfield code="0">0</subfield>
    <subfield code="1">0</subfield>
    <subfield code="2">ddc</subfield>
    <subfield code="4">0</subfield>
    <subfield code="7">0</subfield>
    <subfield code="a">30</subfield>
    <subfield code="b">30</subfield>
    <subfield code="d">2023-05-04</subfield>
    <subfield code="e">CHAUKHAMBA</subfield>
    <subfield code="g">325.00</subfield>
    <subfield code="i">CP/B/145</subfield>
    <subfield code="l">2</subfield>
    <subfield code="o">615.5 SRI</subfield>
    <subfield code="p">30-B-5534</subfield>
    <subfield code="r">2025-05-27</subfield>
    <subfield code="s">2025-05-26</subfield>
    <subfield code="v">325.00</subfield>
    <subfield code="w">2023-05-15</subfield>
    <subfield code="y">01</subfield>
  </datafield>
  <datafield tag="952" ind1=" " ind2=" ">
    <subfield code="0">0</subfield>
    <subfield code="1">0</subfield>
    <subfield code="2">ddc</subfield>
    <subfield code="4">0</subfield>
    <subfield code="7">0</subfield>
    <subfield code="a">30</subfield>
    <subfield code="b">30</subfield>
    <subfield code="d">2023-05-04</subfield>
    <subfield code="e">CHAUKHAMBA</subfield>
    <subfield code="g">325.00</subfield>
    <subfield code="i">CP/B/145</subfield>
    <subfield code="l">0</subfield>
    <subfield code="o">615.5 SRI</subfield>
    <subfield code="p">30-B-5535</subfield>
    <subfield code="r">2023-05-15</subfield>
    <subfield code="v">325.00</subfield>
    <subfield code="w">2023-05-15</subfield>
    <subfield code="y">01</subfield>
  </datafield>
  <datafield tag="952" ind1=" " ind2=" ">
    <subfield code="0">0</subfield>
    <subfield code="1">0</subfield>
    <subfield code="2">ddc</subfield>
    <subfield code="4">0</subfield>
    <subfield code="7">0</subfield>
    <subfield code="a">30</subfield>
    <subfield code="b">30</subfield>
    <subfield code="d">2023-05-04</subfield>
    <subfield code="e">CHAUKHAMBA</subfield>
    <subfield code="g">325.00</subfield>
    <subfield code="i">CP/B/145</subfield>
    <subfield code="l">0</subfield>
    <subfield code="o">615.5 SRI</subfield>
    <subfield code="p">30-B-5536</subfield>
    <subfield code="r">2023-05-15</subfield>
    <subfield code="v">325.00</subfield>
    <subfield code="w">2023-05-15</subfield>
    <subfield code="y">01</subfield>
  </datafield>
</record>
